[Event "Balkan Youth Online-ch 2020"]
[Site "Online"]
[Date "2020.10.31"]
[Round "1.1"]
[White "Kisic, Jovan"]
[Black "Kovacec, Tilen"]
[Result "1-0"]
[WhiteElo "2099"]
[BlackElo "1183"]
[Annotator "TA"]
[PlyCount "103"]
[EventDate "2020.10.31"]
[EventType "swiss"]
[SourceTitle "playchess.com"]
[Source "ChessBase"]
[SourceQuality "1"]

{[%evp 16,103,11,4,16,0,0,0,17,0,0,0,37,39,47,27,32,30,30,29,50,24,38,0,0,0,0,-11,25,20,48,45,93,43,72,0,132,130,137,131,131,131,165,165,170,170,156,150,205,204,190,190,221,204,215,214,377,374,372,344,409,342,464,463,461,454,433,431,566,552,539,545,687,622,1481,588,685,666,1452,924,1978,1922,1874,1745,29978,29979,29980,12843,12844,12844]} 1. e4 c5 2. Nf3 Nc6 3. d4 cxd4 4. Nxd4 g6 5. Nc3 Bg7 6. Be3 d6 7. Bb5 Bd7 8. O-O Nf6 9. f3 O-O {B56: Classical Sicilian: Unusual Lines.} 10. Nxc6 Bxc6 11. Bc4 a6 {The position is equal.} 12. a4 Rc8 13. Bb3 {[#]} Bd7 $146 ({Predecessor:} 13... Nd7 14. Bd4 Qa5 15. Bxg7 Kxg7 16. Qd4+ Qe5 17. Qd2 Rfd8 18. Bd5 Bxd5 19. exd5 Qf6 {½-½ (29) Morozov,D (2453)-Dugushov,S (1958) ICCF email 2015}) 14. a5 Bc6 15. Qd2 Nd7 16. Bd4 Bxd4+ 17. Qxd4 Nc5 18. Bd5 Nd7 19. Rfd1 (19. Rf2 {is more complex.} e6 20. Bb3 Ne5 21. f4 Ng4 22. Rff1) 19... Bxd5 20. Qxd5 Qc7 21. Qb3 Nc5 22. Qb4 Rfe8 23. Nd5 $36 {[%mdl 2048] White has the initiative.} Qc6 24. Rd2 Nd7 25. Rad1 (25. Ra3 $16 {Strongly threatening Rc3.} Qc5+ 26. Qxc5 Nxc5 27. Nb6) 25... Nf6 (25... Qc5+ $11 26. Rd4 Ne5) 26. Nxf6+ $16 {Black is now going downhill.} exf6 27. c3 ({But not} 27. Rxd6 $6 Qxc2 28. Rd7 (28. Qxb7 Qc5+ 29. Kf1 Qc4+ 30. Kg1 Qc5+ 31. R6d4 Qxa5 $11) 28... Rc7 $11) 27... Qc5+ 28. Qxc5 dxc5 {[%mdl 4096] Endgame KRR-KRR} 29. Rd7 Rb8 {[#]} 30. R1d6 $1 Kg7 31. Rb6 Red8 (31... c4 $16 {was worth a try.} 32. Rdxb7 (32. Rbxb7 Rxb7 33. Rxb7 Re5 $16) 32... Rxb7 33. Rxb7 Re5) 32. Rbxb7 Rxd7 33. Rxb8 $18 {KR-KR} ({Not} 33. Rxd7 Rxb2 34. Rd6 Rc2 $14) 33... Rd1+ 34. Kf2 Rd2+ 35. Kg3 Rd1 $2 {[#]} (35... g5 36. Rb6 c4) 36. Rb6 Rd2 37. b3 Rd3 38. c4 Rc3 39. Rxa6 Rxb3 40. Rc6 Ra3 41. Rxc5 Kf8 42. Rb5 Ke7 43. c5 Kd7 44. Rb7+ Ke6 45. Rb6+ (45. a6 $142 Rxa6 46. Kf4) 45... Ke7 46. a6 {[%cal Ba5a6,Ba6a7][%mdl 32]} f5 47. exf5 gxf5 48. Rb7+ Ke6 49. a7 Ra4 50. c6 h6 51. c7 Kd7 52. Rb8 {[%mdl 64] Decoy. Av CentiPawn Loss W=-72/B=-112. Weighted=-63/-88} 1-0

[Event "Balkan Youth Online-ch 2020"]
[Site "Online"]
[Date "2020.10.31"]
[Round "1.2"]
[White "Yordanov, Mario"]
[Black "Sava, Robert-Gabriel"]
[Result "0-1"]
[WhiteElo "1213"]
[BlackElo "1716"]
[Annotator "NA RC"]
[PlyCount "76"]
[EventDate "2020.10.31"]
[EventType "swiss"]
[SourceTitle "playchess.com"]
[Source "ChessBase"]
[SourceQuality "1"]
[TimeControl "5400+30"]

1. e4 {[%emt 1:08:31]} c5 {[%emt 1:07:11]} 2. Nf3 {[%emt 0:00:27]} d6 {[%emt 0:00:23]} 3. d4 {[%emt 0:00:24]} cxd4 {[%emt 0:00:22]} 4. Nxd4 {[%emt 0:00:24]} Nf6 {[%emt 0:00:22]} 5. Nc3 {[%emt 0:00:26]} Nc6 {[%emt 0:00:24]} 6. Be3 {[%emt 0:00:28]} e6 {[%emt 0:00:23]} 7. f4 {[%emt 0:00:36]} Be7 {[%emt 0:00:23]} 8. Bb5 {[%emt 0:00:25]} O-O {[%emt 0:00:24]} 9. Bxc6 {[%emt 0:00:44]} bxc6 {[%emt 0:00:23]} 10. Nxc6 {[%emt 0:00:29]} Qc7 {[%emt 0:00:22]} 11. Nxe7+ {[%emt 0:00:23]} Qxe7 {[%emt 0:00:23]} 12. O-O {[%emt 0:00:32]} Bb7 {[%emt 0:00:23]} 13. Qd3 {[%emt 0:00:39]} d5 {[%emt 0:00:56]} 14. e5 {[%emt 0:00:41]} Nd7 {[%emt 0:00:24]} 15. Qe2 {[%emt 0:00:55]} Nc5 {[%emt 0:00:54]} 16. Qg4 {[%emt 0:02:09]} Nd7 {[%emt 0:01:25]} 17. Qh5 {[%emt 0:01:33]} f5 {[%emt 0:03:04]} 18. Bf2 {[%emt 0:02:07]} Qb4 {[%emt 0:01:02]} 19. Ne2 {[%emt 0:02:57]} Ba6 {[%emt 0:00:40]} 20. b3 {[%emt 0:00:51]} Qd2 {[%emt 0:01:00]} 21. Rfe1 {[%emt 0:01:30]} Bxe2 {[%emt 0:01:22]} 22. Rxe2 {[%emt 0:01:03]} Qxf4 {[%emt 0:00:39]} 23. Rf1 {[%emt 0:01:34]} Qb4 {[%emt 0:01:53]} 24. Re3 {[%emt 0:00:47]} g6 {[%emt 0:02:20]} 25. Qh6 {[%emt 0:00:56]} Nc5 {[%emt 0:00:57]} 26. c3 {[%emt 0:01:28]} Qb5 {[%emt 0:00:31]} 27. Rh3 {[%emt 0:00:28]} Rf7 {[%emt 0:00:28]} 28. Re1 {[%emt 0:00:58]} Ne4 {[%emt 0:00:31]} 29. Rhe3 {[%emt 0:01:49]} Nxf2 {[%emt 0:01:00]} 30. Kxf2 {[%emt 0:00:27]} Qb6 {[%emt 0:00:23]} 31. h4 {[%emt 0:00:25]} f4 {[%emt 0:00:24]} 32. Kg1 {[%emt 0:00:54]} fxe3 {[%emt 0:00:23]} 33. h5 {[%emt 0:00:25]} e2+ {[%emt 0:00:51]} 34. Kh2 {[%emt 0:00:26]} Qf2 {[%emt 0:00:24]} 35. hxg6 {[%emt 0:00:39]} Qf4+ {[%emt 0:00:41]} 36. Qxf4 {[%emt 0:00:34]} Rxf4 {[%emt 0:00:23]} 37. gxh7+ {[%emt 0:00:31]} Kxh7 {[%emt 0:00:23]} 38. Rxe2 {[%emt 0:00:23]} Re4 {[%emt 0:00:21]} 0-1

[Event "Balkan Youth Online-ch 2020"]
[Site "Online"]
[Date "2020.10.31"]
[Round "1.3"]
[White "Sevig, Mert Can"]
[Black "Gkavardinas, Antonios"]
[Result "1-0"]
[WhiteElo "1472"]
[BlackElo "1606"]
[Annotator "NA RC"]
[PlyCount "111"]
[EventDate "2020.10.31"]
[EventType "swiss"]
[SourceTitle "playchess.com"]
[Source "ChessBase"]
[SourceQuality "1"]
[TimeControl "5400+30"]

1. e4 {[%emt 1:05:20]} c5 {[%emt 1:05:23]} 2. Nc3 {[%emt 0:00:22]} g6 {[%emt 0:00:22]} 3. f4 {[%emt 0:00:24]} Bg7 {[%emt 0:00:23]} 4. Nf3 {[%emt 0:00:22]} Nc6 {[%emt 0:00:22]} 5. Bb5 {[%emt 0:00:23]} Nd4 {[%emt 0:00:40]} 6. Nxd4 {[%emt 0:00:31]} cxd4 {[%emt 0:00:27]} 7. Ne2 {[%emt 0:00:22]} Qb6 {[%emt 0:00:47]} 8. Bc4 {[%emt 0:00:45]} e6 {[%emt 0:00:59]} 9. d3 {[%emt 0:00:34]} Ne7 {[%emt 0:00:36]} 10. Bb3 {[%emt 0:01:10]} O-O {[%emt 0:00:36]} 11. O-O {[%emt 0:00:25]} a5 {[%emt 0:00:44]} 12. a4 {[%emt 0:01:42]} f5 {[%emt 0:00:37]} 13. Ng3 {[%emt 0:07:04]} Kh8 {[%emt 0:01:31]} 14. Kh1 {[%emt 0:01:41]} d6 {[%emt 0:01:57]} 15. Qe1 {[%emt 0:04:23]} e5 {[%emt 0:01:21]} 16. Bd2 {[%emt 0:01:51]} Bd7 {[%emt 0:00:51]} 17. Qf2 {[%emt 0:02:23]} fxe4 {[%emt 0:01:19]} 18. Nxe4 {[%emt 0:03:28]} d5 {[%emt 0:01:16]} 19. Ng3 {[%emt 0:01:38]} exf4 {[%emt 0:01:09]} 20. Bxf4 {[%emt 0:02:22]} Rae8 {[%emt 0:03:22]} 21. Qd2 {[%emt 0:00:57]} Be6 {[%emt 0:00:50]} 22. Rae1 {[%emt 0:01:19]} Nf5 {[%emt 0:01:25]} 23. Nxf5 {[%emt 0:01:08]} Rxf5 {[%emt 0:00:26]} 24. Bh6 {[%emt 0:00:36]} Ref8 {[%emt 0:00:43]} 25. Kg1 {[%emt 0:00:53]} Qd6 {[%emt 0:00:47]} 26. Bxg7+ {[%emt 0:00:38]} Kxg7 {[%emt 0:00:23]} 27. Qe2 {[%emt 0:00:28]} Rxf1+ {[%emt 0:00:57]} 28. Rxf1 {[%emt 0:00:23]} Bf5 {[%emt 0:00:24]} 29. Qf3 {[%emt 0:00:41]} Rc8 {[%emt 0:01:20]} 30. g4 {[%emt 0:00:32]} Be6 {[%emt 0:01:01]} 31. Qf6+ {[%emt 0:00:27]} Kg8 {[%emt 0:00:22]} 32. Qxd4 {[%emt 0:00:33]} Qd7 {[%emt 0:00:54]} 33. h3 {[%emt 0:00:24]} Re8 {[%emt 0:00:50]} 34. Re1 {[%emt 0:00:29]} Qd6 {[%emt 0:01:59]} 35. Kg2 {[%emt 0:00:32]} h5 {[%emt 0:01:06]} 36. Rxe6 {[%emt 0:00:35]} Rxe6 {[%emt 0:00:56]} 37. Qxd5 {[%emt 0:00:22]} Qxd5+ {[%emt 0:01:57]} 38. Bxd5 {[%emt 0:00:22]} Kf7 {[%emt 0:00:22]} 39. Kf3 {[%emt 0:00:32]} h4 {[%emt 0:00:33]} 40. Kf4 {[%emt 0:00:36]} Kf6 {[%emt 0:00:27]} 41. Bxe6 {[%emt 0:00:23]} Kxe6 {[%emt 0:00:21]} 42. Kg5 {[%emt 0:00:30]} Kf7 {[%emt 0:00:36]} 43. d4 {[%emt 0:00:21]} Kg7 {[%emt 0:00:24]} 44. d5 {[%emt 0:00:21]} Kf7 {[%emt 0:00:21]} 45. c4 {[%emt 0:00:24]} Kg7 {[%emt 0:00:29]} 46. c5 {[%emt 0:00:25]} Kf7 {[%emt 0:00:22]} 47. b3 {[%emt 0:00:25]} Ke7 {[%emt 0:00:23]} 48. Kxg6 {[%emt 0:00:21]} Kd7 {[%emt 0:00:24]} 49. Kf7 {[%emt 0:00:24]} Kc7 {[%emt 0:00:24]} 50. Ke7 {[%emt 0:00:22]} b6 {[%emt 0:00:21]} 51. d6+ {[%emt 0:00:21]} Kb7 {[%emt 0:00:25]} 52. d7 {[%emt 0:00:22]} b5 {[%emt 0:00:21]} 53. d8=Q {[%emt 0:00:23]} b4 {[%emt 0:00:21]} 54. Kd6 {[%emt 0:00:32]} Ka7 {[%emt 0:00:25]} 55. Kc6 {[%emt 0:00:23]} Ka6 {[%emt 0:00:23]} 56. Qa8# {[%emt 0:00:22]} 1-0

[Event "Balkan Youth Online-ch 2020"]
[Site "Online"]
[Date "2020.10.31"]
[Round "1.6"]
[White "Stefanoski, Daniel"]
[Black "Palaiologou, Apostolos"]
[Result "1-0"]
[WhiteElo "1129"]
[BlackElo "1410"]
[Annotator "NA RC"]
[PlyCount "85"]
[EventDate "2020.10.31"]
[EventType "swiss"]
[SourceTitle "playchess.com"]
[Source "ChessBase"]
[SourceQuality "1"]
[TimeControl "5400+30"]

1. e4 {[%emt 1:08:03]} c5 {[%emt 1:05:23]} 2. Nf3 {[%emt 0:00:21]} d6 {[%emt 0:00:23]} 3. d4 {[%emt 0:00:22]} cxd4 {[%emt 0:00:23]} 4. Nxd4 {[%emt 0:00:21]} Nf6 {[%emt 0:00:27]} 5. Nc3 {[%emt 0:00:22]} a6 {[%emt 0:00:24]} 6. Bg5 {[%emt 0:00:23]} e6 {[%emt 0:00:26]} 7. Be2 {[%emt 0:00:22]} Be7 {[%emt 0:00:23]} 8. O-O {[%emt 0:00:42]} O-O {[%emt 0:00:26]} 9. Qd2 {[%emt 0:00:28]} Qc7 {[%emt 0:02:22]} 10. f4 {[%emt 0:03:58]} b5 {[%emt 0:04:47]} 11. Qe3 {[%emt 0:01:37]} Bb7 {[%emt 0:03:34]} 12. Bf3 {[%emt 0:03:46]} Nc6 {[%emt 0:02:36]} 13. Nce2 {[%emt 0:02:36]} Nxd4 {[%emt 0:01:43]} 14. Nxd4 {[%emt 0:00:26]} Qc5 {[%emt 0:02:22]} 15. Rad1 {[%emt 0:03:24]} Rac8 {[%emt 0:02:24]} 16. c3 {[%emt 0:00:48]} h6 {[%emt 0:01:35]} 17. Bh4 {[%emt 0:00:38]} Rc7 {[%emt 0:00:53]} 18. Bf2 {[%emt 0:01:36]} Qa7 {[%emt 0:01:33]} 19. Qe2 {[%emt 0:00:48]} Qa8 {[%emt 0:00:34]} 20. Rfe1 {[%emt 0:00:47]} Rd7 {[%emt 0:01:11]} 21. h3 {[%emt 0:01:51]} d5 {[%emt 0:01:01]} 22. e5 {[%emt 0:01:22]} Ne8 {[%emt 0:00:35]} 23. Kh2 {[%emt 0:00:47]} Nc7 {[%emt 0:00:31]} 24. Rg1 {[%emt 0:00:55]} Bc5 {[%emt 0:00:46]} 25. g4 {[%emt 0:01:22]} f6 {[%emt 0:00:51]} 26. f5 {[%emt 0:02:05]} fxe5 {[%emt 0:02:21]} 27. fxe6 {[%emt 0:01:05]} Rdd8 {[%emt 0:01:22]} 28. Nf5 {[%emt 0:00:27]} Nxe6 {[%emt 0:01:09]} 29. Qxe5 {[%emt 0:00:57]} Qb8 {[%emt 0:00:57]} 30. Qxb8 {[%emt 0:00:33]} Rxb8 {[%emt 0:00:26]} 31. Bxc5 {[%emt 0:00:26]} Nxc5 {[%emt 0:00:22]} 32. Bxd5+ {[%emt 0:00:27]} Bxd5 {[%emt 0:00:23]} 33. Rxd5 {[%emt 0:00:23]} Na4 {[%emt 0:00:26]} 34. Ne7+ {[%emt 0:00:30]} Kh7 {[%emt 0:00:27]} 35. g5 {[%emt 0:00:23]} Rf2+ {[%emt 0:00:27]} 36. Kh1 {[%emt 0:00:31]} Nxb2 {[%emt 0:01:00]} 37. gxh6 {[%emt 0:00:28]} gxh6 {[%emt 0:00:33]} 38. Rg6 {[%emt 0:00:36]} Rb7 {[%emt 0:00:45]} 39. Rh5 {[%emt 0:00:32]} Rf1+ {[%emt 0:00:44]} 40. Kg2 {[%emt 0:00:23]} Rf2+ {[%emt 0:00:27]} 41. Kxf2 {[%emt 0:00:49]} Nd3+ {[%emt 0:00:22]} 42. Kg1 {[%emt 0:00:22]} Rxe7 {[%emt 0:00:30]} 43. Rhxh6# {[%emt 0:00:23]} 1-0

[Event "Balkan Youth Online-ch 2020"]
[Site "Online"]
[Date "2020.10.31"]
[Round "1.8"]
[White "Kuznetsov, Andrei S."]
[Black "Boci, Mateo"]
[Result "0-1"]
[WhiteElo "2220"]
[BlackElo "1286"]
[Annotator "TA"]
[PlyCount "72"]
[EventDate "2020.10.31"]
[EventType "swiss"]
[SourceTitle "playchess.com"]
[Source "ChessBase"]
[SourceQuality "1"]

{[%evp 9,71,-1,0,-27,-19,-102,-89,-170,-162,-184,-180,-177,-135,-124,-106,-106,-91,-135,-131,-147,-35,-224,-229,-230,-227,-212,-219,-562,-560,-1873,-1219,-1213,-1177,-1620,-1027,-29986,-29987,-29989,-5406,-29988,-29986,-29977,-29978,-29974,-29975,-29989,-29990,-29991,-29992,-29994,-29990,-29993,-29992,-29996,-29995,-29995,-29995,-29995,-29996,-29997,-29996,-29997,-29995,-29999]} 1. e4 e6 2. d4 d5 3. exd5 exd5 4. Nc3 Nf6 5. Bf4 Bb4 6. Qd3 {C01: French: Exchange Variation.} O-O {[#]} 7. Nf3 $146 (7. O-O-O $11) ({Predecessor:} 7. O-O-O Re8 8. f3 Nc6 9. Nb5 Ba5 10. Ne2 a6 11. Na3 b5 12. Nb1 Bb6 13. g4 {0-1 (70) Becker,M (1932)-Schwarz,F (2252) Germany 2019}) 7... Ne4 8. Bd2 (8. Nd2 $17 {keeps fighting.}) 8... Bxc3 9. Bxc3 Re8 10. Be2 Bf5 {Threatens to win with ...Ng3!} 11. Qd1 Qe7 12. Bd2 Nc6 $36 {[%mdl 2048] Black is in control.} 13. a3 Bg4 {aiming for ...Bxf3.} 14. Be3 {[#]} f5 (14... Bxf3 $1 $17 15. gxf3 Nd6) 15. h3 $2 {Now White is beyond hope.} ({Better is} 15. c3 $15) 15... Bxf3 $1 $19 16. gxf3 {[#]} Ng3 $1 {[%cal Rg3h1][%mdl 576] Deflection} 17. fxg3 {Bf2 is the strong threat.} Qxe3 18. Qd2 $2 (18. Kf1 {was the crucial defense.}) 18... Nxd4 19. Qd1 Qxe2+ 20. Qxe2 Rxe2+ 21. Kf1 Rxc2 {White must now prevent ...Re8.} 22. Rb1 Nxf3 23. g4 Nd2+ (23... Re8 $142 24. Rc1 Rxc1+ 25. Kg2 Nh4+ 26. Kg3 Rxh1 27. Kxh4 f4 28. a4 Re5 29. g5 Rg1 30. b3 Rexg5 31. a5 Rg6 32. Kh5 Rh6#) 24. Ke1 Nxb1 {Black mates.} 25. Kd1 Rxb2 26. Kc1 Rb6 27. Kc2 Nxa3+ 28. Kc3 Re8 29. gxf5 Nc4 30. Kd4 c6 31. h4 Re4+ 32. Kd3 Rb3+ 33. Kc2 Rb2+ 34. Kc3 c5 {[%cal Re4e3]} 35. Rh3 Ra2 36. Rh1 Re3# {Av CentiPawn Loss W=-189/B=-88. Weighted=-218/-54} 0-1

[Event "Balkan Youth Online-ch 2020"]
[Site "Online"]
[Date "2020.10.31"]
[Round "1.12"]
[White "Ramaj, Ergit"]
[Black "Milanovic, Marko"]
[Result "1-0"]
[WhiteElo "1444"]
[BlackElo "2066"]
[Annotator "TA"]
[PlyCount "91"]
[EventDate "2020.10.31"]
[EventType "swiss"]
[SourceTitle "playchess.com"]
[Source "ChessBase"]
[SourceQuality "1"]

{[%evp 9,91,-3,36,35,117,110,114,137,293,293,303,308,307,296,290,41,40,45,59,28,32,38,49,61,210,203,268,275,248,247,457,444,500,503,501,487,477,494,497,491,505,505,604,597,661,662,707,645,645,645,645,645,641,640,645,619,756,745,839,839,828,814,985,958,3216,3120,2993,2993,1820,1727,2184,1750,2443,2215,1973,947,6652,6652,5970,5925,6652,5097,1667,1377]} 1. d4 d5 2. Bf4 Nf6 3. e3 c5 4. Nf3 Nc6 5. Be2 Qb6 6. Nc3 {D02: 1 d4 d5 2 Nf3 sidelines, including 2...Nf6 3 g3 and 2...Nf6 3 Bf4.} cxd4 (6... c4 $14) 7. Nb5 $1 $16 {[%cal Rb5c7]} e5 8. Nxe5 {White is better.} Bb4+ $2 (8... dxe3 $16 {was necessary.} 9. fxe3 (9. Bxe3 Bc5 $11) 9... g5 10. Bxg5 Be7) 9. c3 $18 dxc3 10. bxc3 Ba5 {[#]} 11. Nxc6 $146 ({Predecessor:} 11. Nd6+ Kf8 12. Rb1 Bxc3+ 13. Kf1 Bxe5 14. Rxb6 axb6 15. Nxc8 Rxc8 16. g3 Bxf4 17. gxf4 {1-0 (41) Mudrak,J (2243)-Kulovana,E (2181) Czech Republic 2018}) 11... Qxc6 12. Nd6+ $2 ({White must play} 12. Qa4 $18) 12... Ke7 13. O-O {Hoping for c4.} Bc7 14. Nb5 ({Of course not} 14. Bb5 $6 Qc5 $15) 14... Bxf4 15. exf4 Rd8 16. Qd4 $36 {[%mdl 2048] White has the initiative.} a6 {[#] White stays focused until the end.} ({Better is} 16... a5 $14) 17. Qb4+ $1 Ke8 18. Rfe1 {Nc7+! is the strong threat.} Ne4 {[#]} 19. Bd3 $1 Be6 $2 (19... f5 20. Nd4 Qd6 21. Qxd6 Rxd6) 20. f5 {White is clearly winning.} ({Not} 20. Bxe4 Qxb5 21. Bxh7 Qxb4 $14) 20... Qc5 21. Rxe4 Qxb4 22. Rxb4 {Threatens to win with Nc7+.} axb5 23. fxe6 fxe6 24. Rxb5 Ra7 25. a4 Rda8 26. Rb6 Ke7 27. Re1 Rxa4 28. Rxb7+ Kf6 29. Rb6 Ra1 30. Rbxe6+ Kf7 31. g3 Rxe1+ 32. Rxe1 {[%mdl 4096] Endgame KRB-KR} Ra3 33. Re3 h6 34. c4 Ra1+ 35. Kg2 dxc4 36. Bxc4+ Kg6 37. h4 Rc1 38. Bd3+ Kf6 39. Rf3+ Ke5 40. Rf7 Rd1 41. Be2 Rd2 42. Bf3 g5 43. hxg5 hxg5 44. g4 Rd4 45. Rf5+ {[%mdl 64] Double Attack} Ke6 46. Rxg5 {Av CentiPawn Loss W=-87/B=11. Weighted=-70/-34} 1-0

[Event "Balkan Youth Online-ch 2020"]
[Site "Online"]
[Date "2020.10.31"]
[Round "1.13"]
[White "Mogirzan, Matei-Valeriu"]
[Black "Nikolovski, Kiril"]
[Result "1-0"]
[WhiteElo "1813"]
[BlackElo "1282"]
[Annotator "NA RC"]
[PlyCount "105"]
[EventDate "2020.10.31"]
[EventType "swiss"]
[SourceTitle "playchess.com"]
[Source "ChessBase"]
[SourceQuality "1"]
[TimeControl "5400+30"]

1. e4 {[%emt 1:05:20]} d5 {[%emt 1:05:22]} 2. exd5 {[%emt 0:00:23]} Nf6 {[%emt 0:00:23]} 3. d4 {[%emt 0:00:30]} Nxd5 {[%emt 0:00:23]} 4. Nc3 {[%emt 0:00:36]} Nxc3 {[%emt 0:00:31]} 5. bxc3 {[%emt 0:00:22]} Nc6 {[%emt 0:00:59]} 6. Nf3 {[%emt 0:00:58]} Bg4 {[%emt 0:00:24]} 7. d5 {[%emt 0:00:34]} Ne5 {[%emt 0:00:26]} 8. Nxe5 {[%emt 0:01:32]} Bxd1 {[%emt 0:00:34]} 9. Bb5+ {[%emt 0:00:28]} c6 $1 {[%emt 0:00:28]} 10. dxc6 {[%emt 0:00:45]} a6 {[%emt 0:04:12]} 11. c7+ $17 {[%emt 0:01:21]} (11. cxb7+ $11 axb5 12. Nc6) 11... axb5 {[%emt 0:00:23]} 12. cxd8=Q+ {[%emt 0:00:25]} Rxd8 {[%emt 0:00:22]} 13. O-O {[%emt 0:00:54]} f6 {[%emt 0:00:45]} 14. Nf3 {[%emt 0:01:56]} Bxc2 {[%emt 0:00:43]} 15. Nd4 {[%emt 0:00:32]} Bd3 {[%emt 0:00:22]} 16. Re1 {[%emt 0:00:29]} e5 {[%emt 0:00:36]} 17. a4 {[%emt 0:01:26]} (17. Ne6 $17 Rd7 18. Nxf8 Kxf8 19. Ba3+ Kf7 20. Bb4) 17... b4 {[%emt 0:00:38]} 18. Ne6 {[%emt 0:00:41]} Rd6 {[%emt 0:02:08]} 19. Nxf8 {[%emt 0:00:55]} Rxf8 {[%emt 0:01:04]} 20. cxb4 {[%emt 0:00:24]} Rd4 {[%emt 0:00:42]} 21. Be3 {[%emt 0:00:27]} Rd7 {[%emt 0:00:51]} 22. Bc5 {[%emt 0:01:06]} Rff7 {[%emt 0:00:24]} 23. b5 {[%emt 0:01:33]} Kd8 {[%emt 0:00:43]} 24. Rec1 {[%emt 0:00:54]} Ke8 {[%emt 0:02:52]} 25. Rc3 {[%emt 0:00:49]} Be4 {[%emt 0:02:11]} 26. a5 {[%emt 0:04:09]} Bd3 {[%emt 0:00:44]} 27. a6 {[%emt 0:00:53]} bxa6 {[%emt 0:00:37]} 28. bxa6 {[%emt 0:00:40]} Be4 {[%emt 0:00:34]} 29. a7 {[%emt 0:01:08]} Ba8 {[%emt 0:00:30]} 30. Bb6 {[%emt 0:00:38]} Rf8 {[%emt 0:00:35]} 31. f4 {[%emt 0:03:47]} e4 {[%emt 0:01:05]} 32. Rc8+ {[%emt 0:02:00]} Kf7 {[%emt 0:00:25]} 33. Rxf8+ {[%emt 0:00:29]} Kxf8 {[%emt 0:00:22]} 34. Rc1 {[%emt 0:00:22]} Bb7 {[%emt 0:01:08]} 35. a8=Q+ {[%emt 0:01:04]} Bxa8 {[%emt 0:00:24]} 36. Rc8+ {[%emt 0:00:23]} Kf7 {[%emt 0:00:22]} 37. Rxa8 {[%emt 0:00:22]} f5 {[%emt 0:00:33]} 38. Ra7 {[%emt 0:00:33]} Rxa7 {[%emt 0:00:36]} 39. Bxa7 {[%emt 0:00:23]} Ke6 {[%emt 0:00:22]} 40. Bd4 {[%emt 0:00:25]} g6 {[%emt 0:00:23]} 41. Kf2 {[%emt 0:00:25]} Kd5 {[%emt 0:00:23]} 42. Ke3 {[%emt 0:00:24]} Kc4 {[%emt 0:00:21]} 43. Ba7 {[%emt 0:00:30]} Kc3 {[%emt 0:00:23]} 44. Bb8 {[%emt 0:00:37]} Kc2 {[%emt 0:00:22]} 45. Ba7 {[%emt 0:00:41]} Kd1 {[%emt 0:00:23]} 46. g4 {[%emt 0:00:31]} Ke1 {[%emt 0:00:41]} 47. gxf5 {[%emt 0:00:28]} gxf5 {[%emt 0:00:22]} 48. Kd4 {[%emt 0:00:22]} Kf2 {[%emt 0:00:24]} 49. Ke5+ {[%emt 0:00:24]} Kg2 {[%emt 0:00:21]} 50. Kxf5 {[%emt 0:00:33]} Kxh2 {[%emt 0:00:28]} 51. Kxe4 {[%emt 0:00:24]} Kg3 {[%emt 0:00:22]} 52. f5 {[%emt 0:00:21]} h5 {[%emt 0:00:22]} 53. f6 {[%emt 0:00:23]} 1-0

[Event "Balkan Youth Online-ch 2020"]
[Site "Online"]
[Date "2020.10.31"]
[Round "1.14"]
[White "Cvetkovski, Gjorgji"]
[Black "Magold, Filip"]
[Result "0-1"]
[WhiteElo "1332"]
[BlackElo "2043"]
[Annotator "RC"]
[PlyCount "58"]
[EventDate "2020.10.31"]
[EventType "swiss"]
[SourceTitle "playchess.com"]
[Source "ChessBase"]
[SourceQuality "1"]
[TimeControl "5400+30"]

1. e4 {[%emt 1:05:20]} c5 {[%emt 1:05:23]} 2. Nf3 {[%emt 0:00:45]} d6 {[%emt 0:00:23]} 3. Bb5+ {[%emt 0:00:25]} Nd7 {[%emt 0:00:24]} 4. Bxd7+ {[%emt 0:00:27]} Bxd7 {[%emt 0:00:22]} 5. O-O {[%emt 0:00:23]} Nf6 {[%emt 0:00:22]} 6. Nc3 {[%emt 0:00:33]} g6 {[%emt 0:00:25]} 7. Re1 {[%emt 0:00:35]} Bg7 {[%emt 0:00:22]} 8. h3 {[%emt 0:01:18]} O-O {[%emt 0:00:26]} 9. d4 {[%emt 0:01:37]} cxd4 {[%emt 0:00:26]} 10. Nxd4 {[%emt 0:00:25]} a6 {[%emt 0:00:26]} 11. b3 {[%emt 0:01:45]} Rc8 {[%emt 0:00:29]} 12. Bb2 {[%emt 0:00:42]} b5 {[%emt 0:00:23]} 13. a3 {[%emt 0:01:26]} Qc7 {[%emt 0:00:38]} 14. Rb1 {[%emt 0:01:22]} e5 {[%emt 0:01:02]} 15. Nf3 {[%emt 0:00:43]} Bc6 {[%emt 0:00:24]} 16. Qe2 {[%emt 0:01:20]} Rfd8 {[%emt 0:00:27]} 17. Rbd1 {[%emt 0:00:34]} Nh5 {[%emt 0:00:39]} 18. g3 {[%emt 0:01:27]} Nf6 {[%emt 0:00:26]} 19. Rd2 {[%emt 0:03:46]} Qb7 {[%emt 0:00:33]} 20. b4 {[%emt 0:03:02]} Qe7 {[%emt 0:01:47]} 21. Red1 {[%emt 0:02:57]} Bb7 {[%emt 0:00:58]} 22. Kh2 {[%emt 0:02:42]} Rc4 {[%emt 0:00:28]} 23. Nd5 {[%emt 0:01:10]} Nxd5 {[%emt 0:00:32]} 24. exd5 {[%emt 0:00:28]} Rdc8 {[%emt 0:00:24]} 25. Nh4 {[%emt 0:02:25]} Bh6 {[%emt 0:00:31]} 26. Rd3 {[%emt 0:00:44]} Rxc2 {[%emt 0:00:23]} 27. Qf3 {[%emt 0:01:02]} Rxb2 {[%emt 0:00:25]} 28. Re1 {[%emt 0:00:42]} Rcc2 {[%emt 0:00:25]} 29. Rf1 {[%emt 0:00:32]} e4 {[%emt 0:00:21]} 0-1